Writs law & practice / (Record no. 41234)

MARC details
000 -LEADER
fixed length control field 00680nam a22002177a 4500
005 - DATE AND TIME OF LATEST TRANSACTION
control field 20100812111229.0
010 ## - LCCN (DPL NO)
LC control number ENG-99912
020 ## - INTERNATIONAL STANDARD BOOK NUMBER
International Standard Book Number 9788171772216
Terms of availability 500.00
035 ## - SYSTEM CONTROL NUMBER
System control number EN-83444
037 ## - SOURCE OF ACQUISITION
Source of stock number/acquisition DBAD/PUB
082 ## - DEWEY DECIMAL CLASSIFICATION NUMBER
Classification number 340
100 ## - MAIN ENTRY--PERSONAL NAME
Personal name Mallick,M R
245 ## - TITLE STATEMENT
Title Writs law & practice /
Statement of responsibility, etc by M R Mallick
250 ## - EDITION STATEMENT
Edition statement 2nd ed.
260 ## - PUBLICATION, DISTRIBUTION, ETC. (IMPRINT)
Place of publication, distribution, etc New Delhi
Name of publisher, distributor, etc Eastern Law House
Date of publication, distribution, etc 2009
270 ## - ADDRESS
Address 36 Netaji Subhash Marg Daryaganj
City New Delhi
Postal code 110002
300 ## - PHYSICAL DESCRIPTION
Extent 1138p
Dimensions 24cm(Hb)
500 ## - GENERAL NOTE
General note Includes index
942 ## - ADDED ENTRY ELEMENTS (KOHA)
Source of classification or shelving scheme Dewey Decimal Classification
Item type English Books
Classification part 340
Call number suffix MAL
Holdings
Withdrawn status Lost status Not for loan Collection code Home library Current library Date acquired Source of acquisition Cost, normal purchase price Full call number Barcode Copy number Cost, replacement price Koha item type
    Not For Loan Non-fiction D.B.Act.Division D.B.Act.Division 12/08/2010 DBAD/PUB 500.00 340 MAL EN-83444 1 500.00 English Books

© Delhi Public Library
Hit Counter
free hit counter